[Event "RUS-CHN Summit Women 8th"]
[Site "St. Petersburg"]
[Date "2012.07.02"]
[Round "1"]
[White "Huang, Qian"]
[Black "Pogonina, Natalija"]
[Result "1/2-1/2"]
[WhiteElo "2443"]
[BlackElo "2447"]
[PlyCount "185"]
[EventDate "2012.??.??"]

1. c4 e5 2. Nc3 c5 3. Nf3 Nc6 4. d3 d6 5. g3 g6 6. Bg2 Bg7 7. O-O Nge7 8. a3
O-O 9. Rb1 a6 10. b4 cxb4 11. axb4 h6 12. Ne1 Rb8 13. b5 axb5 14. Nxb5 d5 15.
cxd5 Nxd5 16. Ba3 Nde7 17. Nd6 Ra8 18. Nxc8 Rxa3 19. Nxe7+ Qxe7 20. Nc2 Ra7 21.
Ne3 Rd8 22. Bxc6 bxc6 23. Qc2 Qe6 24. Qc4 Qxc4 25. Nxc4 Ra2 26. Rfe1 e4 27.
dxe4 Rd4 28. Rbc1 Rxe4 29. e3 Re6 30. Red1 Rf6 31. Rd2 Rxd2 32. Nxd2 Bf8 33.
Kf1 h5 34. Ke2 Kg7 35. h3 Bb4 36. Nb3 Ba3 37. Rc2 Bf8 38. f4 c5 39. Nd2 Ra6 40.
g4 hxg4 41. hxg4 Ra1 42. g5 Rh1 43. Nf3 Rb1 44. Ne5 Rb7 45. Kf3 Be7 46. Nc4 Rb4
47. Ke4 Rb7 48. Ra2 Rc7 49. Ra6 Bf8 50. Kd3 Be7 51. Nd2 Rd7+ 52. Ke2 Rc7 53.
Kd3 Rd7+ 54. Kc2 Rc7 55. Ne4 Kf8 56. Nc3 Rd7 57. Rc6 Rd6 58. Rc7 Ke8 59. Ra7
Rd7 60. Ra4 Rd8 61. Ra1 Kd7 62. Nd5 Bd6 63. Kd3 Ke6 64. Kc4 Rb8 65. e4 Rb2 66.
Ra6 Rc2+ 67. Kd3 Rc1 68. Ne3 Kd7 69. e5 Be7 70. Kd2 Rb1 71. Nd5 Rb7 72. Kc3 Ke8
73. Kc4 Kf8 74. Ra8+ Kg7 75. Ra6 Kf8 76. Ra1 Kg7 77. Ra8 Bf8 78. Ra6 Be7 79. e6
fxe6 80. Rxe6 Bf8 81. Ra6 Rf7 82. Kc3 Rb7 83. Ne3 Rf7 84. Nd5 Rb7 85. Nf6 Kf7
86. Nd5 Kg7 87. Kd3 Rd7 88. Ke4 Kf7 89. Rf6+ Kg7 90. Rc6 Kf7 91. Nf6 Rd6 92.
Rxd6 Bxd6 93. f5 1/2-1/2

[Event "RUS-CHN Summit Women 8th"]
[Site "St. Petersburg"]
[Date "2012.07.03"]
[Round "2"]
[White "Pogonina, Natalija"]
[Black "Ding, Yixin"]
[Result "1/2-1/2"]
[WhiteElo "2447"]
[BlackElo "2422"]
[PlyCount "81"]
[EventDate "2012.??.??"]

1. e4 c5 2. Nf3 Nc6 3. d4 cxd4 4. Nxd4 e5 5. Nb5 a6 6. Nd6+ Bxd6 7. Qxd6 Qe7 8.
Qd1 Nf6 9. Nc3 d6 10. Be3 O-O 11. Be2 b5 12. O-O Bb7 13. a4 Nd4 14. Bxd4 exd4
15. Qxd4 Nxe4 16. Nxe4 Bxe4 17. Bd3 Bxd3 18. Qxd3 b4 19. Rad1 Rfc8 20. Rfe1 Qf6
21. b3 g6 22. Qe4 a5 23. g3 Ra6 24. Rd5 Rac6 25. Re2 Rc5 26. Kg2 Rxd5 27. Qxd5
Rc5 28. Qb7 Kg7 29. Qe4 Re5 30. Qd3 Rxe2 31. Qxe2 Qc3 32. Qe4 h5 33. h4 Qd2 34.
Kf3 Qd1+ 35. Kg2 Qd2 36. Kf3 Qd1+ 37. Ke3 Qe1+ 38. Kf3 Qh1+ 39. Kf4 Qc1+ 40.
Kf3 Qh1+ 41. Kf4 1/2-1/2

[Event "RUS-CHN Summit Women 8th"]
[Site "St. Petersburg"]
[Date "2012.07.03"]
[Round "2"]
[White "Girya, Olga"]
[Black "Huang, Qian"]
[Result "1/2-1/2"]
[WhiteElo "2414"]
[BlackElo "2443"]
[PlyCount "80"]
[EventDate "2012.??.??"]

1. d4 d6 2. Nf3 g6 3. c4 Bg7 4. Nc3 e5 5. dxe5 dxe5 6. Qxd8+ Kxd8 7. Bd2 Be6 8.
O-O-O Nd7 9. b3 f6 10. h3 h5 11. g3 c6 12. Ne4 Kc7 13. Ba5+ b6 14. Bb4 Bf8 15.
Bxf8 Nxf8 16. Bg2 Rh7 17. Ne1 Rd7 18. Nd3 Rad8 19. Nc3 Ne7 20. Kc2 g5 21. Ne4
Ng8 22. h4 g4 23. Nb4 Rxd1 24. Rxd1 Rxd1 25. Kxd1 Bd7 26. c5 f5 27. cxb6+ axb6
28. Nd2 Ng6 29. Kc2 N8e7 30. Kc3 e4 31. e3 c5 32. Nc2 Ne5 33. Bf1 Nd5+ 34. Kb2
b5 35. a3 Kd6 36. Ne1 Bc6 37. Ng2 Nd7 38. Nb1 Ne5 39. Nd2 Nd7 40. Nb1 Ne5
1/2-1/2

[Event "RUS-CHN Summit Women 8th"]
[Site "St. Petersburg"]
[Date "2012.07.03"]
[Round "2"]
[White "Ju, Wenjun"]
[Black "Kovanova, Baira"]
[Result "1-0"]
[WhiteElo "2518"]
[BlackElo "2391"]
[PlyCount "95"]
[EventDate "2012.??.??"]

1. d4 Nf6 2. c4 e6 3. g3 Bb4+ 4. Bd2 Bxd2+ 5. Qxd2 d5 6. Nf3 O-O 7. Bg2 c6 8.
O-O Nbd7 9. a4 b6 10. Rc1 Ba6 11. Na3 c5 12. b4 Ne4 13. Qe1 Rc8 14. Nb5 cxb4
15. Qxb4 Rxc4 16. Rxc4 dxc4 17. Qxc4 Qf6 18. Qc7 Ndc5 19. Qxa7 Bxb5 20. axb5
Nb3 21. Re1 g5 22. Qb7 Nbd2 23. Rd1 Nxf3+ 24. Bxf3 Nxf2 25. Kxf2 g4 26. Kg2
gxf3+ 27. Qxf3 Qg5 28. d5 h6 29. Rd4 Qe5 30. Rg4+ Kh8 31. dxe6 Qxe6 32. Rf4 Re8
33. Rxf7 Qxe2+ 34. Qxe2 Rxe2+ 35. Kh3 Rb2 36. Rf6 Rxb5 37. Rxh6+ Kg7 38. Rc6
Rb2 39. g4 b5 40. Kg3 Rb3+ 41. Kh4 b4 42. Rb6 Rb2 43. h3 b3 44. Kg5 Rb1 45. h4
b2 46. h5 Kf7 47. Rb7+ Kf8 48. h6 1-0